[Event "86th Tata Steel Masters"]
[Site "Wijk aan Zee NED"]
[Date "2024.01.23"]
[Round "9.2"]
[White "Ding Liren"]
[Black "Giri, A."]
[Result "1/2-1/2"]
[WhiteElo "2780"]
[BlackElo "2749"]
[PlyCount "67"]
[EventDate "2024.01.13"]

1. c4 e6 2. Nc3 d5 3. d4 Be7 4. cxd5 exd5 5. Bf4 c6 6. e3 Bf5 7. g4 Be6 8. h3 Nd7 9. Bd3 h5 10. gxh5 Ngf6 11. h6 g6 12. Qc2 ({RR} 12. Nge2 Nh5 13. Qc2 g5 14. Bh2 Rxh6 15. O-O-O Nb6 16. f4 Bxh3 17. Rhg1 Rh8 18. a4 Qd6 19. a5 Nd7 20. e4 dxe4 21. Nxe4 Qc7 22. N2c3 Qxa5 23. fxg5 Bb4 24. g6 O-O-O 25. g7 Rhg8 26. Rg5 Qa1+ {Isakova,A (1775)-Kusakina,U (1792) Sochi RUS 2025 1-0 (54)}) 12... Nh5 13. Bh2 Rxh6 14. O-O-O Ndf6 $146 ({RR} 14... Kf8 15. Kb1 Rc8 16. e4 dxe4 17. Nxe4 Ndf6 18. Ne2 Qa5 19. N2c3 Nxe4 20. Bxe4 Nf6 21. f3 Nd5 22. Bxd5 cxd5 23. Qd2 Rh5 24. Rc1 Rc6 25. Be5 Ra6 26. Qh2 Rc6 27. Ne2 Rxh3 28. Qf4 Ke8 29. Nc3 {Milikow,Y (2199)-O'Donnell,C (2345) New Delhi 2019 1-0 (55)}) 15. Kb1 Bd6 16. Nf3 Bxh2 17. Rxh2 Ng7 18. Ne5 Bf5 19. f3 Bxd3 20. Rxd3 Ne6 21. e4 Kf8 22. Qb3 Qe7 23. exd5 Nxd5 24. Nxd5 cxd5 25. a3 Kg7 26. f4 Rh5 27. Rf2 Rf5 28. Rd1 Rd8 29. Ka2 Qh4 30. Rff1 b6 31. Qa4 Qe7 32. Qb3 Qh4 33. Qa4 Qe7 34. Qb3 1/2-1/2

[Event "Titled Tue 23rd Jan Late"]
[Site "chess.com INT"]
[Date "2024.01.23"]
[Round "8"]
[White "Bluebaum, M."]
[Black "Anton Guijarro, D."]
[Result "0-1"]
[WhiteElo "2655"]
[BlackElo "2670"]
[PlyCount "123"]
[EventDate "2024.01.23"]

1. d4 d5 2. c4 e6 3. Nc3 Bb4 4. e3 Nf6 5. Bd2 O-O 6. Nf3 a6 7. Rc1 dxc4 8. Bxc4 b5 9. Bd3 Bb7 10. a3 ({RR} 10. Ne4 Bxd2+ 11. Nexd2 Nbd7 12. O-O Rc8 13. e4 c5 14. e5 Nd5 15. Ne4 Nf4 16. Nd6 Bxf3 17. Qxf3 Nxd3 18. Qxd3 c4 19. Qg3 Rc7 20. f4 f5 21. exf6 Qxf6 22. Rcd1 Nb6 23. f5 Nd5 24. fxe6 Qxe6 {Bluebaum,M (2680)-Arnold,K chess.com INT 2025 1-0}) 10... Be7 $146 ({RR} 10... Bxc3 11. Bxc3 Nbd7 12. Qc2 Rc8 13. b4 Re8 14. e4 e5 15. dxe5 Ng4 16. Rd1 Qe7 17. Be2 c5 18. Qb2 Bxe4 19. O-O Ngxe5 20. Nxe5 Nxe5 21. f4 Nc4 22. Bxc4 bxc4 23. Bxg7 Bd3 24. Rf3 Qe2 25. Rc1 {Bluebaum,M (2664)-Adla,D (2407) Chess.com INT 2022 0-1 (59)}) 11. b4 Nbd7 12. e4 c5 13. e5 cxd4 14. Ne2 Ng4 15. Bf4 Bxf3 16. gxf3 Ngxe5 17. Nxd4 Bg5 18. Be3 Bxe3 19. fxe3 Qh4+ 20. Ke2 Rac8 21. Qe1 Qh5 22. Qg3 Nxd3 23. Kxd3 Ne5+ 24. Ke2 Nc4 25. Rhg1 g6 26. Kf2 Rfd8 27. Rgd1 e5 28. Ne2 Nxa3 29. Rxc8 Rxc8 30. Rd5 Nc4 31. h4 Qf5 32. Qg5 Qxg5 33. hxg5 Kg7 34. Ng3 h6 35. gxh6+ Kxh6 36. Rd7 f5 37. Ra7 Rc6 38. Ne2 Nb2 39. Kg3 Nd3 40. f4 exf4+ 41. exf4 Nxb4 42. Nd4 Rd6 43. Nf3 Rd3 44. Kf2 Nd5 45. Ne5 Ra3 46. Nf7+ Kh5 47. Ne5 Nxf4 48. Rg7 Nd3+ 49. Nxd3 Rxd3 50. Rh7+ Kg5 51. Ra7 Ra3 52. Ke2 b4 53. Ra8 Kf4 54. Rd8 a5 55. Rd4+ Kg5 56. Rd8 f4 57. Kf2 Kg4 58. Rd1 Ra2+ 59. Kf1 b3 60. Rd5 b2 61. Rd1 Ra1 62. Kf2 0-1

[Event "chess.com SpeedChess 2023"]
[Site "chess.com INT"]
[Date "2023.09.06"]
[Round "1.4"]
[White "Sarana, A."]
[Black "Nihal, Sarin"]
[Result "0-1"]
[WhiteElo "2693"]
[BlackElo "2694"]
[PlyCount "66"]
[EventDate "2023.09.04"]

1. d4 d5 2. c4 e6 3. Nc3 h6 4. Nf3 Nf6 5. cxd5 exd5 6. Bf4 c6 7. Qc2 g6 8. e3 Bf5 9. Bd3 Bxd3 10. Qxd3 Nbd7 $146 ({RR} 10... Bg7 11. O-O O-O 12. b4 Nbd7 13. Rac1 Re8 14. b5 c5 15. dxc5 Nxc5 16. Qb1 Nfe4 17. Nxe4 Nxe4 18. Qd3 Rc8 19. Nd2 g5 20. Nxe4 Rxc1 21. Rxc1 dxe4 22. Qxd8 Rxd8 23. Bg3 Bb2 24. Rb1 Rd2 25. Bb8 {Molina,R (2376)-Bobadilla Viera,J (2397) Osasco BRA 2024 ½-½ (45)}) ({RR} 10... Bg7 11. O-O O-O 12. b4 Nbd7 13. Rac1 Rc8 14. Rfd1 b5 15. a4 a6 16. e4 dxe4 17. Nxe4 Nd5 18. Bd2 Qc7 19. Qb3 Rfe8 20. Re1 Qb8 21. h4 Re6 22. h5 Rce8 23. Ng3 Qd6 24. hxg6 fxg6 25. axb5 {Cramling,P (2402)-Trost,E (2459) Stockholm SWE 2026 ½-½ (44)}) 11. O-O Bg7 12. Bd6 Nb6 13. Bc5 Nbd7 14. Ba3 Bf8 15. Bxf8 Kxf8 16. Ne5 Kg7 17. f4 Re8 18. Rf3 Nf8 19. Raf1 Qb6 20. b3 a5 21. g4 N6d7 22. h4 Qd8 23. g5 hxg5 24. hxg5 Ne6 25. Ne2 Nxe5 26. dxe5 Rh8 27. Nd4 Rh4 28. Rg3 Qh8 29. Nf3 Rh3 30. Kg2 Rxg3+ 31. Kxg3 Qh5 32. f5 Nxg5 33. f6+ Kg8 0-1

[Event "chess.com SpeedChess 2023"]
[Site "chess.com INT"]
[Date "2023.09.06"]
[Round "1.14"]
[White "Sarana, A."]
[Black "Nihal, Sarin"]
[Result "1-0"]
[WhiteElo "2693"]
[BlackElo "2694"]
[PlyCount "109"]
[EventDate "2023.09.04"]

1. c4 e6 2. Nc3 d5 3. d4 h6 4. Bf4 Nf6 5. e3 Bd6 6. Bxd6 Qxd6 7. Rc1 O-O 8. cxd5 Nxd5 9. Nf3 b6 10. Nxd5 exd5 11. Qc2 c6 12. Bd3 Be6 13. O-O Rc8 14. Rfd1 $146 ({RR} 14. Ne5 c5 15. f4 Nc6 16. dxc5 Qe7 17. Nxc6 Rxc6 18. b4 bxc5 19. Bb5 Rb6 20. Qxc5 Qxc5 21. Rxc5 Rab8 22. a4 a6 23. f5 Bc8 24. Bc6 Rxb4 25. Rxd5 Bb7 26. Bxb7 R8xb7 27. Ra5 Rc7 28. h3 h5 {Ding Liren (2811)-Nihal,S (2670) chess.com INT 2022 ½-½ (45)}) 14... Nd7 15. h3 Rc7 16. Qa4 c5 17. Qa3 Rd8 18. Bb5 Nf6 19. b3 Rdc8 20. Ba6 Rd8 21. Rc2 Bf5 22. Bd3 Bxd3 23. Rxd3 c4 24. Qxd6 Rxd6 25. bxc4 dxc4 26. Ra3 b5 27. Ne5 Nd5 28. Ra5 a6 29. a4 f6 30. axb5 axb5 31. Nf3 b4 32. Nd2 c3 33. Nb3 Nb6 34. Rb5 Nd5 35. e4 Nf4 36. Rxb4 Nd3 37. Rb8+ Kh7 38. Kf1 Ra6 39. Ke2 Nf4+ 40. Kf3 Nd3 41. Ke3 Ne1 42. Rc1 Nxg2+ 43. Kf3 Nh4+ 44. Kg3 Ng6 45. Nc5 Ra3 46. f3 Ne7 47. Ne6 Rca7 48. d5 Ng6 49. h4 h5 50. Rc8 c2 51. R1xc2 Ne5 52. R2c3 Ra1 53. Nf8+ Kh6 54. Ne6 Rg1+ 55. Kf2 1-0

[Event "chess.com SpeedChess 2023"]
[Site "chess.com INT"]
[Date "2023.09.06"]
[Round "1.2"]
[White "Sarana, A."]
[Black "Nihal, Sarin"]
[Result "1-0"]
[WhiteElo "2693"]
[BlackElo "2694"]
[PlyCount "125"]
[EventDate "2023.09.04"]

1. d4 d5 2. c4 e6 3. Nc3 h6 4. cxd5 exd5 5. Bf4 c6 6. e3 Bf5 ({RR} 6... Bd6 7. Qf3 Nf6 8. Bd3 O-O 9. h3 Re8 10. Nge2 a5 11. g4 Bxf4 12. Qxf4 Na6 13. Rg1 Nc7 14. h4 Ne6 15. Qg3 c5 16. O-O-O cxd4 17. exd4 b5 18. g5 b4 19. gxf6 bxc3 20. Nxc3 Qxf6 21. Nxd5 {Caruana,F (2792)-Nihal,S (2723) Hong Kong HKG 2026 1-0 (33)}) 7. Nge2 Bd6 ({RR} 7... Nd7 8. Ng3 Be6 9. h4 Ngf6 10. Bd3 Nb6 11. h5 Bd6 12. Bxd6 Qxd6 13. Nf5 Bxf5 14. Bxf5 Qb4 15. Qb3 a5 16. Qc2 Nc4 17. Rb1 O-O 18. a3 Qe7 19. Na4 Rfe8 20. Kf1 Nd6 21. Bd3 Nfe4 22. Nc3 {Beydullayeva,G (2364)-Ushenina,A (2406) Monaco MNC 2026 1-0 (54)}) 8. Ng3 Bg6 9. Bd3 $146 ({RR} 9. Bxd6 Qxd6 10. Bd3 Bxd3 11. Qxd3 Ne7 12. O-O O-O 13. b4 Nd7 14. b5 c5 15. dxc5 Qxc5 16. Rfd1 Nf6 17. Rac1 Rac8 18. Nce2 Qb4 19. a3 Qa4 20. Nd4 Rxc1 21. Rxc1 Rc8 22. Rxc8+ Nxc8 23. Qc2 Qxc2 {Assaubayeva,B (2469)-Paehtz,E (2471) Baku AZE 2023 0-1 (57)}) 9... Bxf4 10. exf4 Bxd3 11. Qxd3 Nf6 12. Qe3+ Qe7 13. Nf5 Qxe3+ 14. fxe3 O-O 15. h3 Nbd7 16. g4 Nb6 17. Kf2 Rfe8 18. b3 Rad8 19. Rhg1 Nc8 20. g5 hxg5 21. Rxg5 g6 22. Rag1 Kf8 23. Ng3 Nd6 24. Kf3 Re7 25. h4 Rde8 26. Re5 Nd7 27. Rxe7 Kxe7 28. h5 gxh5 29. Nxh5 Nf6 30. Ng3 b5 31. Rc1 Rh8 32. Rh1 Rxh1 33. Nxh1 Nfe4 34. Nd1 a5 35. Nhf2 b4 36. Nd3 f6 37. N3b2 Nb5 38. Na4 Ke6 39. Ke2 Kf5 40. Kd3 Kg4 41. Nb6 Kf3 42. Nd7 Nbc3 43. Nxc3 bxc3 44. Nb8 c2 45. Kxc2 Kxe3 46. Nxc6 Kxf4 47. Nxa5 Ke3 48. Nc6 f5 49. a4 f4 50. Ne5 Kxd4 51. a5 Nc5 52. Nc6+ Ke3 53. b4 Nd7 54. a6 f3 55. a7 Nb6 56. Ne5 f2 57. Ng4+ Ke2 58. Nxf2 Kxf2 59. Kd3 Na8 60. Kd4 Ke2 61. Kxd5 Kd3 62. Kc6 Kc4 63. Kb7 1-0

[Event "Chessable Play-In Match D1"]
[Site "chess.com INT"]
[Date "2024.02.01"]
[Round "2.1"]
[White "Sevian, Samuel"]
[Black "So, W."]
[Result "0-1"]
[WhiteElo "2697"]
[BlackElo "2757"]
[PlyCount "82"]
[EventDate "2024.02.01"]
[EventType "k.o."]

1. c4 e6 2. Nc3 d5 3. d4 a6 4. cxd5 exd5 5. Nf3 Nf6 6. Bg5 Be6 7. e3 Nbd7 8. h3 c6 9. Bd3 Bd6 10. O-O Qc7 11. Qd2 O-O 12. Bf4 Rfe8 13. a3 ({RR} 13. Rfe1 Nh5 14. Bxd6 Qxd6 15. e4 Qf4 16. exd5 Bxd5 17. Nxd5 cxd5 18. Qb4 Qc7 19. Rec1 Qb8 20. Rc2 Nf4 21. Bf1 Ne6 22. Rac1 g6 23. a4 Nf6 24. a5 Qa7 25. g3 Rad8 26. h4 Ne4 27. Bh3 f5 {Ding,L (2799)-Vidit,S (2723) chess24.com INT 2022 ½-½ (39)}) ({RR} 13. b4 b5 14. a4 Nb6 15. Rfb1 Nc4 16. Qc1 Qe7 17. Bxd6 Qxd6 18. Ne2 Ne4 19. Bxe4 dxe4 20. Nd2 Nxd2 21. Qxd2 Bc4 22. Ra3 Rab8 23. Rba1 a5 24. axb5 axb4 25. Ra4 Rxb5 26. Rc1 Bd5 27. Nf4 b3 {Druska,J (2450)-Yeritsyan,H (2323) Eforie Nord ROU 2025 0-1 (40)}) ({RR} 13. Rfe1 Nb6 14. b3 g6 15. Bxd6 Qxd6 16. Ne5 Nfd7 17. f4 f6 18. Nf3 Bf7 19. e4 dxe4 20. Nxe4 Qc7 21. f5 Nd5 22. fxg6 hxg6 23. Qh6 Qf4 24. Qxf4 Nxf4 25. Bf1 Bd5 26. Nd6 Rxe1 27. Rxe1 b5 {Firouzja,A (2760)-So,W (2757) chess.com INT 2024 ½-½ (33)}) 13... Nb6 14. Rac1 $146 ({RR} 14. b3 Rad8 15. Bxd6 Qxd6 16. Qc2 g6 17. Rfc1 Qe7 18. Ne2 Nc8 19. Nf4 Nd6 20. a4 Bf5 21. Bxf5 Nxf5 22. Ne5 Ne4 23. Qe2 Qg5 24. Qg4 Qe7 25. Rc2 Nfd6 26. h4 f6 27. Ned3 Qd7 28. Qxd7 Rxd7 {Gharibyan,M (2495)-Fecker,N (2396) Pula (Sardinia) ITA 2023 1-0 (94)}) 14... Bxf4 15. exf4 Nc4 16. Bxc4 dxc4 17. Rfe1 b5 18. Re5 Nd7 19. Re2 Bd5 20. Ne5 f6 21. Ng4 Rxe2 22. Nxe2 Re8 23. Ng3 Bf7 24. Nf5 h5 25. Nh2 Nf8 26. Re1 Rxe1+ 27. Qxe1 Qxf4 28. Ne7+ Kh7 29. Nxc6 Ng6 30. Qd1 Qf5 31. Nf1 Nf4 32. Ne3 Qe4 33. Nb4 a5 34. Nbc2 Bg6 35. Qd2 Nxg2 36. d5 Nf4 37. d6 Nxh3+ 38. Kh2 Ng5 39. Ne1 Qe5+ 40. Kg2 Ne4 41. Qxa5 Qxb2 0-1

[Event "Chessable Masters Div 3 W"]
[Site "chess.com INT"]
[Date "2024.02.06"]
[Round "7.2"]
[White "Sarana, A."]
[Black "Grischuk, A."]
[Result "1-0"]
[WhiteElo "2697"]
[BlackElo "2732"]
[PlyCount "149"]
[EventDate "2024.02.02"]
[EventType "k.o."]

1. d4 d5 2. c4 e6 3. Nc3 c6 4. cxd5 exd5 5. Bf4 Nf6 6. e3 Bf5 7. Bd3 Bxd3 8. Qxd3 Be7 9. Nf3 Nbd7 10. h3 O-O 11. O-O Re8 12. Rab1 a5 13. Ne5 ({RR} 13. a3 a4 14. Rfc1 Nb6 15. Nd2 Bd6 16. Ne2 Nc8 17. b4 axb3 18. Rxb3 Bxf4 19. Nxf4 Nd6 20. Qc3 Qe7 21. Rcb1 Ra7 22. Nd3 h6 23. Nc5 b5 24. Nd3 Nc4 25. Nb4 Qd6 26. Nc2 Rea8 27. Ra1 Ra4 {Sarana,A (2679)-Nakamura,H (2802) chess.com INT 2024 0-1 (53)}) 13... h6 $146 ({RR} 13... Bf8 14. f3 Nh5 15. Bh2 Bd6 16. f4 Nhf6 17. g4 Ne4 18. Nxe4 dxe4 19. Qxe4 f6 20. Qf5 Nb6 21. Nf3 Rxe3 22. Rbe1 Qe7 23. g5 Nd5 24. gxf6 gxf6 25. Kh1 Kh8 26. Bg3 Bb4 27. Rd1 Qg7 28. Bh4 {Maenner,M-Sveshnikov,E (2560) Bern 1992 0-1 (32)}) ({RR} 13... Nxe5 14. dxe5 Nd7 15. e4 Nc5 16. Qe2 d4 17. Rbd1 Ne6 18. Bc1 b5 19. Kh1 Qb6 20. Nb1 c5 21. b3 a4 22. f4 axb3 23. axb3 c4 24. f5 d3 25. Qg4 Ra1 26. Nc3 Kh8 27. Nd5 Qc6 28. bxc4 {Thavandiran,S (2347)-Collins,A (2194) chess.com INT 2024 1-0 (33)}) 14. Rfe1 Bf8 15. Na4 Nxe5 16. Bxe5 Ne4 17. Nc3 Bb4 18. Re2 Bxc3 19. bxc3 b5 20. f3 Nc5 21. Qf5 Na4 22. Rc1 Qg5 23. Qd3 Nb6 24. Bf4 Qf6 25. Be5 Qe7 26. e4 Nc4 27. Bh2 Qa3 28. Rb1 b4 29. Rb3 Qc1+ 30. Kf2 bxc3 31. Rxc3 Qg5 32. Rb3 a4 33. Rb7 a3 34. Bg3 Qg6 35. Bh2 Re6 36. Qc2 Rae8 37. e5 Qh5 38. f4 f5 39. Rb3 Ra8 40. Kg1 Kh8 41. Bg3 Qf7 42. Be1 Qh5 43. Bb4 Rg6 44. Kh2 Re6 45. Bc5 Qf7 46. Rf2 Ree8 47. Rff3 Reb8 48. Rxb8+ Rxb8 49. Bxa3 Qe6 50. Bc1 g6 51. a4 Kh7 52. Rb3 Ra8 53. Rb7+ Kh8 54. Qb1 Kg8 55. Qb4 Qe8 56. a5 Nxa5 57. Re7 Qd8 58. Re6 Kf7 59. Rf6+ Kg7 60. Bd2 Qe8 61. Qd6 Nc4 62. Qc7+ Kg8 63. Bb4 Rc8 64. Qa7 Ra8 65. Qc7 Rc8 66. Rxg6+ Qxg6 67. Qxc8+ Kh7 68. Qd7+ Kg8 69. Qd8+ Kh7 70. Qe7+ Qg7 71. Qxg7+ Kxg7 72. g4 Kg6 73. Kg3 Ne3 74. Kf3 Nc4 75. e6 1-0

[Event "Titled Tue 16th Jan Late"]
[Site "chess.com INT"]
[Date "2024.01.16"]
[Round "4"]
[White "Sarana, A."]
[Black "Melkumyan, H."]
[Result "1-0"]
[WhiteElo "2695"]
[BlackElo "2640"]
[PlyCount "105"]
[EventDate "2024.01.16"]

1. d4 d5 2. c4 e6 3. Nc3 Be7 4. Nf3 Nf6 5. Bg5 Nbd7 6. Qc2 h6 7. Bh4 O-O ({RR} 7... c5 8. cxd5 Nxd5 9. Bxe7 Qxe7 10. Nxd5 exd5 11. dxc5 Nxc5 12. g3 Ne4 13. Bg2 Qb4+ 14. Nd2 O-O 15. a3 Qb6 16. Nxe4 dxe4 17. Qxe4 Qxb2 18. O-O Rb8 19. Qe7 Be6 20. Rab1 Qxe2 21. Rxb7 Rxb7 22. Qxb7 {Wojtaszek,R (2734)-Kryvoruchko,Y (2714) Poland 2017 ½-½ (31)}) 8. cxd5 ({RR} 8. Rd1 b6 9. cxd5 exd5 10. e3 Bb7 11. Bd3 c5 12. O-O Rc8 13. Bf5 Re8 14. Ne5 cxd4 15. Nxd7 Nxd7 16. Bxe7 Qxe7 17. Rxd4 Rc4 18. Nxd5 Bxd5 19. Rxc4 Bxc4 20. Qxc4 Ne5 21. Qc2 g6 22. Bh3 Rd8 {Shankland,S (2666)-Papasimakopoulos,A (2366) chess.com INT 2025 1-0 (54)}) 8... Nxd5 $146 ({RR} 8... exd5) 9. Nxd5 Bxh4 10. Nxc7 Rb8 11. Nb5 Be7 12. e3 Qa5+ 13. Nc3 e5 14. Bd3 exd4 15. exd4 Nb6 16. O-O Be6 17. Rfe1 Bf6 18. Ne4 Be7 19. Nc5 Bxc5 20. Qxc5 Qxc5 21. dxc5 Nd5 22. a3 a5 23. Rac1 Rfc8 24. Nd4 Nf4 25. Bf1 Bd7 26. g3 Ne6 27. Nxe6 Bxe6 28. b4 axb4 29. axb4 Kf8 30. Bg2 Rc7 31. Ra1 b6 32. c6 b5 33. Re5 Bc4 34. h4 Rd8 35. Bf3 f6 36. Re3 g5 37. h5 Kf7 38. Ra6 Rb8 39. Re1 f5 40. Rd1 Ke7 41. Ra3 f4 42. g4 Rb6 43. Ra8 Kf6 44. Rh8 Kg7 45. Rhd8 Rcxc6 46. Bxc6 Rxc6 47. R1d7+ Bf7 48. Rb7 f3 49. Rdd7 Rf6 50. Rxb5 Rf4 51. Rf5 Rxf5 52. gxf5 Kf6 53. Rxf7+ 1-0

[Event "Titled Tue 16th Jan Late"]
[Site "chess.com INT"]
[Date "2024.01.16"]
[Round "11"]
[White "Grischuk, A."]
[Black "Svane, R."]
[Result "1-0"]
[WhiteElo "2732"]
[BlackElo "2637"]
[PlyCount "91"]
[EventDate "2024.01.16"]

1. d4 d5 2. c4 e6 3. Nc3 h6 4. cxd5 exd5 5. Bf4 c6 6. e3 Bd6 7. Bxd6 Qxd6 8. Bd3 Nf6 9. Nge2 O-O 10. f3 $146 ({RR} 10. O-O Re8 11. Rb1 a6 12. b4 Nbd7 13. a4 b5 14. a5 Ne4 15. Nxe4 dxe4 16. Bc2 Nf6 17. Bb3 Nd5 18. Bxd5 cxd5 19. Qd2 Bf5 20. Rfc1 Rac8 21. Rc5 g5 22. Rbc1 Bd7 23. Nc3 Be6 24. Nxd5 Rxc5 {Wu,C (1976)-Kalonomos,I (1644) Prague CZE 2024 1-0}) ({RR} 10. O-O Re8 11. Ng3 b6 12. Rc1 Ba6 13. Re1 Bxd3 14. Qxd3 Nbd7 15. Rcd1 h5 16. f3 g6 17. e4 dxe4 18. fxe4 h4 19. Nf1 Qf4 20. e5 Ng4 21. Rd2 Rad8 22. Re4 Qg5 23. Qf3 Nh6 24. Rf2 c5 {Gordon,S (2451)-Ankit Ray (2181) Hua Hin THA 2026 ½-½ (32)}) 10... c5 11. Qd2 Nc6 12. O-O cxd4 13. exd4 Re8 14. Rac1 Be6 15. a3 Rac8 16. Nb5 Qd7 17. Qf4 Red8 18. g4 a6 19. Nbc3 Ne7 20. Kh1 Ng6 21. Qg3 Qd6 22. Qxd6 Rxd6 23. Kg2 Bd7 24. Bxg6 fxg6 25. h4 Rb6 26. Rc2 Bb5 27. Rf2 g5 28. hxg5 hxg5 29. Ng1 Bd3 30. Rcd2 Bc4 31. Nh3 Nh7 32. Na4 Re6 33. Nc5 Re7 34. b3 Bb5 35. a4 Bc6 36. Nd3 Be8 37. Rfe2 Rxe2+ 38. Rxe2 Kf8 39. Nc5 Bf7 40. a5 Rc7 41. Re5 Rc6 42. Nxg5 Nxg5 43. Rxg5 g6 44. Re5 Kg7 45. Nxb7 Rc3 46. Nc5 1-0

[Event "Titled Tue 9th Jan Late"]
[Site "chess.com INT"]
[Date "2024.01.09"]
[Round "9"]
[White "Sarana, A."]
[Black "Melkumyan, H."]
[Result "1-0"]
[WhiteElo "2695"]
[BlackElo "2640"]
[PlyCount "55"]
[EventDate "2024.01.09"]

1. d4 d5 2. c4 e6 3. Nc3 Be7 4. cxd5 exd5 5. Bf4 Nf6 6. e3 O-O 7. Bd3 Bg4 8. Nge2 ({RR} 8. Qc2 c5 9. Nge2 Nc6 10. a3 Bxe2 11. Nxe2 cxd4 12. exd4 Qb6 13. Qd2 Na5 14. Rd1 Nc4 15. Bxc4 dxc4 16. Bg5 Ne4 17. Bxe7 Nxd2 18. Bxf8 Ne4 19. Bb4 a5 20. Bc3 Re8 21. O-O Nxc3 22. Nxc3 Qxb2 {Papasimakopoulos,A (2402)-Melkumyan,H (2640) chess.com INT 2024 0-1 (34)}) 8... c6 ({RR} 8... c5 9. dxc5 Bxc5 10. O-O Nc6 11. h3 Bxe2 12. Nxe2 Qe7 13. a3 Rad8 14. b4 Bd6 15. Bxd6 Qxd6 16. Qa4 d4 17. Rad1 g6 18. b5 Ne5 19. Nxd4 Nd5 20. Qb3 Qc5 21. Rc1 Qb6 22. Rfd1 Rd6 23. Bf1 {Radjabov,T (2745)-Melkumyan,H (2650) chess.com INT 2023 1-0 (65)}) ({RR} 8... Nbd7 9. O-O Bh5 10. Rc1 c6 11. f3 c5 12. Kh1 Bg6 13. Ng3 cxd4 14. exd4 Bxd3 15. Qxd3 Nb6 16. Nf5 Bb4 17. Nb5 Nc4 18. b3 Na3 19. Be5 Qb6 20. Nc7 Rad8 21. Qe3 Ne8 22. Nxe8 Rfxe8 23. Nxg7 {Gut,L (2177)-Vihaan Karthikeya N (2025) Orosei ITA 2025 1-0 (60)}) 9. Qc2 Bh5 $146 ({RR} 9... Nbd7 10. f3 Bh5 11. g4 Bg6 12. h4 Bxd3 13. Qxd3 Ne8 14. O-O-O b5 15. Ng3 Bd6 16. Nce2 Bxf4 17. Nxf4 Nd6 18. Kb1 Re8 19. e4 dxe4 20. fxe4 Qc7 21. Rhf1 Rad8 22. Qf3 Nf8 23. Nfh5 Ne6 24. e5 {Goryachkina,A (2608)-Peycheva,G (2331) Struga 2021 1-0 (38)}) 10. Ng3 Bg6 11. h4 Na6 12. a3 Nc7 13. h5 Bxd3 14. Qxd3 Ne6 15. Be5 c5 16. Nf5 cxd4 17. exd4 Ng4 18. Nxd5 Bg5 19. Qe4 Nxe5 20. dxe5 Nc5 21. Qc4 Nd7 22. f4 Rc8 23. Qd4 Nb6 24. fxg5 Qxg5 25. Nde7+ Kh8 26. O-O Rcd8 27. Qf4 Qxh5 28. Nxg7 1-0

[Event "Titled Tue 16th Jul Late"]
[Site "chess.com INT"]
[Date "2024.07.16"]
[Round "8"]
[White "Caruana, F."]
[Black "Anton Guijarro, D."]
[Result "1-0"]
[WhiteElo "2796"]
[BlackElo "2669"]
[PlyCount "127"]
[EventDate "2024.07.16"]

1. c4 e6 2. Nc3 d5 3. d4 Bb4 4. cxd5 exd5 5. a3 Bxc3+ 6. bxc3 Nf6 7. e3 Bf5 8. Ne2 O-O ({RR} 8... h5 9. f3 h4 10. Ra2 Nc6 11. Nf4 g5 12. Nd3 Qd6 13. Qb3 O-O-O 14. Nc5 Na5 15. Qa4 b6 16. Rb2 Rde8 17. Ba6+ Kd8 18. Qxa5 bxa5 19. Nb7+ Kd7 20. Nxd6 Kxd6 21. O-O Bg6 22. c4 Rb8 23. cxd5 {Le,Q (2731)-Wei Yi (2753) Hong Kong HKG 2026 1-0 (58)}) ({RR} 8... Nc6 9. Ng3 Bg6 10. f3 h5 11. Bd3 Bxd3 12. Qxd3 h4 13. Ne2 Qd7 14. O-O Na5 15. e4 h3 16. g3 O-O-O 17. e5 Ng8 18. Rb1 Nc4 19. Nf4 Ne7 20. a4 Kb8 21. Rb4 a5 22. Rb5 c6 23. Rb1 {Lazavik,D (2605)-Anton Guijarro,D (2662) chess.com INT 2026 1-0 (64)}) 9. Ng3 Bg6 10. h4 h5 $146 ({RR} 10... h6 11. h5 Bh7 12. Bd3 c5 13. Bxh7+ Kxh7 14. O-O Nc6 15. dxc5 Ne5 16. Qd4 Re8 17. Rb1 Qc7 18. a4 Rad8 19. Qf4 Rd7 20. e4 Kg8 21. Be3 Qc6 22. Bd4 Nd3 23. exd5 Nxf4 24. dxc6 bxc6 25. a5 {Dai,C (2496)-Zhao Jun (2591) Xinghua CHN 2023 ½-½ (50)}) 11. Bd3 c5 12. Bxg6 fxg6 13. f3 Nc6 14. Qd3 Kh7 15. O-O Rc8 16. Rb1 Na5 17. Ne2 c4 18. Qc2 Ng8 19. Nf4 Rxf4 20. exf4 Nh6 21. Be3 Nb3 22. Bf2 Qd6 23. Rbe1 Qxf4 24. Re5 Nf5 25. Rxd5 Re8 26. Re5 Rxe5 27. dxe5 Qxe5 28. Re1 Qf6 29. Re8 b6 30. Rc8 Nc5 31. Bxc5 bxc5 32. Rxc5 Qxh4 33. Qe4 Qg5 34. Re5 Qc1+ 35. Qe1 Qxa3 36. g4 hxg4 37. fxg4 Nh6 38. g5 Nf5 39. Qd2 Qa1+ 40. Re1 Qa5 41. Qh2+ Kg8 42. Qf2 Qc7 43. Re8+ Kf7 44. Re4 a5 45. Qe2 Kg8 46. Qxc4+ Qxc4 47. Rxc4 Nd6 48. Ra4 Nf7 49. Rxa5 Kf8 50. Kf2 Ke7 51. Ke3 Ke6 52. Kf4 Nd6 53. Ra6 Kd5 54. Ra7 Nf5 55. Ra6 Nd6 56. Rb6 Kc5 57. Rb8 Kd5 58. Rd8 Ke6 59. Rg8 Nf5 60. Ra8 Kd5 61. Ra5+ Ke6 62. Re5+ Kd6 63. Rxf5 gxf5 64. Kxf5 1-0

[Event "American Cup Champ"]
[Site "Saint Louis USA"]
[Date "2024.03.12"]
[Round "1.1"]
[White "Caruana, F."]
[Black "Oparin, G."]
[Result "1-0"]
[WhiteElo "2804"]
[BlackElo "2671"]
[PlyCount "95"]
[EventDate "2024.03.12"]
[EventType "k.o."]

1. d4 d5 2. c4 e6 3. Nc3 a6 4. cxd5 exd5 5. Nf3 Nf6 6. Bg5 Be6 7. e3 Nbd7 8. h3 Bd6 9. Bd3 c6 10. Bf4 Qc7 11. Bxd6 Qxd6 12. O-O O-O 13. a4 ({RR} 13. Qc2 g6 14. Na4 Qe7 15. Rfc1 Ne8 16. Nc5 Nd6 17. Nxd7 Bxd7 18. Rab1 Bf5 19. Bxf5 Nxf5 20. Ne5 Nd6 21. Nd3 Rfe8 22. Nc5 Qg5 23. Qe2 h5 24. Qf3 Re7 25. Rc2 Rae8 26. b3 Nf5 27. Nd3 Nh4 {Sjugirov,S (2675)-Caruana,F (2835) Chess.com INT 2020 0-1 (44)}) ({RR} 13. Qc2 h6 14. Rab1 a5 15. a3 Rfc8 16. Rfd1 b5 17. Ne2 Nh5 18. g4 Nhf6 19. Ng3 b4 20. axb4 axb4 21. Nh4 c5 22. Nhf5 Qf8 23. dxc5 Nxc5 24. Qe2 Ra2 25. Nd4 Na4 26. Rd2 Nc5 27. Bc2 Bd7 {Kingsley,E (2033)-Colas,J (2275) Reykjavik ISL 2025 0-1 (38)}) 13... a5 14. Qb3 g6 $146 ({RR} 14... Rfc8 15. Qa3 Qb4 16. Rfc1 h6 17. Qxb4 axb4 18. Na2 Rxa4 19. Bc2 Ra5 20. Nxb4 Rca8 21. Rxa5 Rxa5 22. Nd2 Rb5 23. Nd3 Bf5 24. b3 Ra5 25. f3 Ra3 26. Kf2 g6 27. Ke2 h5 28. g4 hxg4 29. hxg4 {Mungunzul,B (2224)-Salimova,N (2412) Almaty KAZ 2024 ½-½ (69)}) 15. Ng5 Rfe8 16. Rae1 Nf8 17. Qc2 Nh5 18. f4 f6 19. Nxe6 Rxe6 20. f5 gxf5 21. Rxf5 Ng7 22. Rf3 Rae8 23. Qf2 Ng6 24. g4 Nh8 25. h4 Nf7 26. g5 f5 27. Ne2 Qd7 28. Nf4 R6e7 29. g6 hxg6 30. Nxg6 Re6 31. Qg2 Nd6 32. Ne5 Qe7 33. Bxf5 Ndxf5 34. Rxf5 Qxh4 35. Ref1 Qe4 36. Qg5 Rh6 37. Qxh6 Nxf5 38. Qg5+ Ng7 39. Ng4 Re6 40. Nf6+ Rxf6 41. Rxf6 Qb1+ 42. Rf1 Qxb2 43. Qe7 Qe2 44. Rf8+ Kh7 45. Qh4+ Nh5 46. Rf2 Qd1+ 47. Kh2 Kg6 48. Qh3 1-0

[Event "American Cup Champ"]
[Site "Saint Louis USA"]
[Date "2024.03.13"]
[Round "1.3"]
[White "Shankland, S."]
[Black "So, W."]
[Result "0-1"]
[WhiteElo "2674"]
[BlackElo "2757"]
[PlyCount "68"]
[EventDate "2024.03.12"]
[EventType "k.o."]

1. d4 d5 2. c4 e6 3. Nc3 Be7 4. cxd5 exd5 5. Bf4 c6 6. e3 Bf5 7. h3 ({RR} 7. Bd3 Bxd3 8. Qxd3 Nf6 9. Nge2 Nh5 10. Bxb8 Rxb8 11. f3 O-O 12. O-O f5 13. a3 a6 14. b4 Qd7 15. Rae1 Rbe8 16. Nc1 a5 17. bxa5 Bxa3 18. Nxd5 Bxc1 19. Nb6 Qe6 20. Rxc1 Qxe3+ 21. Qxe3 Rxe3 {Nakamura,H (2774)-Ponomariov,R (2754) Saint Louis 2011 ½-½ (51)}) 7... Qb6 ({RR} 7... Nd7 8. Bd3 Bxd3 9. Qxd3 Ngf6 10. Nge2 O-O 11. O-O Re8 12. f3 b5 13. Rad1 Nb6 14. b3 b4 15. Nb1 c5 16. dxc5 Bxc5 17. Nd4 h6 18. Bg3 Nh5 19. Bf2 Bd6 20. Rc1 Rc8 21. Qa6 Qd7 22. Qb5 {Ebrahimi Herab,H (2404)-Belov,A (2421) chess.com INT 2025 1-0}) 8. Bd3 $146 ({RR} 8. Qd2 Nf6 9. f3 Nh5 10. g4 Nxf4 11. exf4 Bh4+ 12. Kd1 Bc8 13. Rc1 O-O 14. Kc2 Na6 15. Kb1 Re8 16. Bd3 Qd8 17. Rh2 Qd6 18. Re2 Bd7 19. Na4 Nb4 20. Nc5 Nxd3 21. Qxd3 b6 22. Nxd7 Qxd7 {Villegas,P (2301)-Tang,A (2508) Chess.com INT 2022 0-1 (39)}) 8... Bxd3 9. Qxd3 Nf6 10. Nge2 O-O 11. O-O-O a5 12. g4 Qa6 13. Ng3 Qxd3 14. Rxd3 g6 15. Re1 Na6 16. a3 Rad8 17. Kb1 Ne8 18. e4 dxe4 19. Ncxe4 Ng7 20. Bd2 a4 21. Nc3 Nc5 22. Rxe7 Nxd3 23. Nce4 f5 24. Bh6 Rf7 25. Rxf7 Kxf7 26. Ng5+ Kg8 27. Bxg7 fxg4 28. h4 Re8 29. Bf6 Rf8 30. N3e4 h6 31. Kc2 Nxf2 32. Nxf2 g3 33. Nfh3 Rxf6 34. Ne4 Rf1 0-1